000 00466pab a2200169 454500
008 180718b2011 xxu||||| |||| 00| 0 eng d
100 _aBandara, Ranjith
245 _aThe determinants of inflation in Sri Lanka: An application of the Vector autoregression model
260 _c2011
300 _ap.271-287.
362 _aSep
650 _aInflation - Sri Lanka
650 _aInflation
773 _aSouth Asia Economic Journal
908 _aN
909 _a93690
999 _c93690
_d93690